Filosofía de la ciencia literaria /

Spremljeno u:
Bibliografski detalji
Daljnji autori: Ermatinger, Emil (autor) (autor)
Format: Knjiga
Jezik:španjolski
Izdano: México : Fondo de Cultura Económica, 1946, c1946
Teme:
Oznake: Dodaj oznaku
Bez oznaka, Budi prvi tko označuje ovaj zapis!

MARC

LEADER 00000nam^a2200000^a^4500
001 000165956
005 20250521000000.0
009 20260310101035.803
037 |a Acervo ITESO - Biblioteca 
041 |a ESP 
082 |a 809. 001  |b FIL 
245 0 0 |a Filosofía de la ciencia literaria /  |c E. Ermatinger... [et al.] ; tr. por Carlos Silva. 
264 4 |a México :  |b Fondo de Cultura Económica,  |c 1946, c1946 
300 |a 530 p. 
336 |a texto  |b txt  |2 rdacontenido 
337 |a sin mediación  |b n  |2 rdamedio 
338 |a volumen  |b nc  |2 rdasoporte 
500 |a Traducción de: Philosophie der Literaturwissenschaft 
649 |a XX 
650 |a Cosmogonía 
650 |a Retórica 
650 |a Corrientes y Estilos Artísticos 
650 |a Estética 
650 |a Psicología y Literatura 
650 |a Filosofía y Literatura 
650 |a Literatura -  |x Teoría 
650 |a Literatura -  |x Historia y Crítica 
650 |a Literatura -  |x Filosofía 
700 |a Ermatinger, Emil  |e (autor) 
910 |a Fondo Armando Suárez Gómez 
920 |a Impresos - Libros 
930 |a Fondos Especiales 
940 |a Literatura 
905 |a 111 
901 |a 0700007028  |b IT2  |c ESP  |u 20250521 
902 |a https://opac.biblio.iteso.mx/vufind/Record/000165956